000 00229 a2200097 4500
001 45424
100 _aBradley I
245 _aThe stranger rebirth of lib Britain
260 _aLondon
_bChatto & windus
_c
090 _c28588
_d28588
942 _aNUST-CAE
_cM
_c20655
999 _c280497
_d280497